000
00228nam a2200097Ia 4500
005
20251222114408.0
008
251222s1900||||xx |||||||||||||| ||spa||
082
_a
DVD0111/S29/2005/Ej.2
245
0
_a
Piratas del callao
942
_c
DVD
999
_c
1930
_d
1930